1698 1582 1240 1607 1363 1061 1421 1998 1393 1772 1039 1473 1234 1430 1770 1233 1845 1914 1990 1913 1713 1617 1847 1070 1986 1996 1447 1177 1660 1774 1155 1897 1822 1084 1330 1164 1971 1177 1396 1056 1089 1406 1520 1217 1191 1609 1998 1345 1316 1630 1427 1689 1576 1213 1113 1353 1321 1740 1342 1022 1948 1880 1137 1765 1655 1099 1189 1478 1655 1737 1962 1972 1849 1125 1668 1725 1779 1561 1829 1369 1721 1564 1257 1675 1734 1682 1502 1979 1364 1542 1251 1647 1871 1946 1534 1181 1784 1163 1788 BCNSPRNW ULIB Ver.6.0+V

เปลี่ยนเป็นภาษาไทย

Change to English
 แสดงรายละเอียดบรรณานุกรม
  กลับหน้าหลัก

Brief Record : Get Marc (ISO 2709) : E-mail record : QR code < ปิดหน้าต่าง
LEADER : 00000nam 2200000uu 4500
001    13399113289
003     ULIB
008    111005s2544||||th 000 0 tha d
020    9748836339
050 00 TK5105.875I57^bก282ค 2544
100 0  กฤษณะ สถิตย์
245 10 มือใหม่สร้างเว็บไซต์อย่างมืออาชีพ Dreamweaver :^bฉบับสมบูรณ์ /^cกฤษณะ สถิตย์
246 34 มือใหม่สร้างเว็บไซต์อย่างมืออาชีพด้วย Dreamweaver 4 ฉบับสมบูรณ์
250    พิมพ์ครั้งที่ 1
260    กรุงเทพฯ :^bอินโฟเพรส,^c2544
300    300 หน้า :^bภาพประกอบ
650  0 Dreamweaver
650  0 Compoter programs
650  0 Web site development
650  7 ดรีมวีเวอร์
650  7 โปรแกรมคอมพิวเตอร์
650  7 เว็บไซต์
945    ^p275^l0^i014144
945    ^p275^l0^i014145
945    ^p275^l0^i014146
995    ทศพร
999 ^a ทศพร
รายการนี้ยังไม่มีแท็ก
คุณยังไม่ได้ล็อกอิน คุณสามารถมีกิจกรรมร่วมกับเว็บไซต์ได้ แต่ต้องล็อกอินก่อน ::
  ล็อกอิน

รายการสื่อสารสนเทศ

ลำดับที่ ประเภท เลขเรียก/บาร์โค้ด สถานที่ สถานะ
- ไม่พบข้อมูล -

รายการใกล้เคียง
    หัวเรื่อง [Dreamweaver]
    หัวเรื่อง [Web site development]
    หัวเรื่อง [ดรีมวีเวอร์]
    หัวเรื่อง [โปรแกรมคอมพิวเตอร์]
    หัวเรื่อง [เว็บไซต์]

BibComment


ยังไม่เคยถูกคอมเมนท์

คอมเมนท์ทรัพยากรรายการนี้
  คอมเมนท์: มือใหม่สร้างเว็บไ..


 Copyright 2026. Bcnsprnw @Library